书目信息 |
| 题名: |
感悟中信
|
|
| 作者: | 杨林 主编 | |
| 分册: | ||
| 出版信息: | 北京 中信出版社 2004.09 |
|
| 页数: | 359页 | |
| 开本: | 23cm | |
| 丛书名: | ||
| 单 册: | ||
| 中图分类: | F279.26 | |
| 科图分类: | ||
| 主题词: | 企业--模范单位--先进经验--北京市 , 企业--先进工作者--北京市--生平事迹 | |
| 电子资源: | ||
| ISBN: | 7-80073-161-8 | |
| 000 | 00832nam0 2200241 450 | |
| 001 | 192004003630 | |
| 005 | 20070905101023.25 | |
| 010 | @a7-80073-161-8@dCNY48.00 | |
| 100 | @a20070602d2004 ekmy0chiy0121 ea | |
| 101 | 0 | @achi |
| 102 | @aCN@b110000 | |
| 105 | @aac z 000yy | |
| 200 | 1 | @a感悟中信@Agan wu zhong xin@f杨林 [主编] |
| 210 | @a北京@c中信出版社@d2004.09 | |
| 215 | @a359页@c图, 肖像@d23cm | |
| 300 | @a责任者取自于版权页 | |
| 330 | @a本书真实的记载了中信公司发展中的一个个精彩的故事和生动的人物,使人在为之感动的同时,又可以有所启发和思考,温故而知新,从中去领悟中信事业今后继续前时所应遵循和把握的东西。 | |
| 606 | 0 | @a企业@x模范单位@x先进经验@y北京市 |
| 606 | 0 | @a企业@x先进工作者@y北京市@j生平事迹 |
| 690 | @aF279.26@v4 | |
| 701 | 0 | @a杨林@Ayang lin@4主编 |
| 801 | 2 | @aCN@c20070905 |
| 905 | @dF279.26@eY225 | |
| 感悟中信/杨林 [主编].-北京:中信出版社,2004.09 |
| 359页:图, 肖像;23cm |
| 责任者取自于版权页 |
| ISBN 7-80073-161-8:CNY48.00 |
| 本书真实的记载了中信公司发展中的一个个精彩的故事和生动的人物,使人在为之感动的同时,又可以有所启发和思考,温故而知新,从中去领悟中信事业今后继续前时所应遵循和把握的东西。 |
| ● |
| 相关链接 |
|
|
|
正题名:感悟中信
索取号:F279.26/Y225
 
预约/预借
| 序号 | 登录号 | 条形码 | 馆藏地/架位号 | 状态 | 备注 |
| 1 | 621794 | 206217949 | 社科库409/409社科库 101排4列3层/ [索取号:F279.26/Y225] | 在馆 | |
| 2 | 621795 | 206217958 | 社科库409/409社科库 101排4列3层/ [索取号:F279.26/Y225] | 在馆 | |
| 3 | 621796 | 206217967 | 社科库409/409社科库 101排4列3层/ [索取号:F279.26/Y225] | 在馆 |